Detalles MARC
| 000 -CABECERA |
| campo de control de longitud fija |
01619nam a22002417a 4500 |
| 003 - IDENTIFICADOR DEL NÚMERO DE CONTROL |
| campo de control |
DO-SdBNP |
| 005 - FECHA Y HORA DE LA ÚLTIMA TRANSACCIÓN |
| campo de control |
20240228140800.0 |
| 008 - DATOS DE LONGITUD FIJA--INFORMACIÓN GENERAL |
| campo de control de longitud fija |
210901b 2018 dr 00| 0 eng d |
| 020 ## - NÚMERO INTERNACIONAL ESTÁNDAR DEL LIBRO |
| Número Internacional Estándar del Libro |
9789945609912 |
| 040 ## - FUENTE DE LA CATALOGACIÓN |
| Centro catalogador/agencia de origen |
DO-SdBNP |
| Lengua de catalogación |
spa |
| Centro/agencia transcriptor |
BNPHU |
| 082 #4 - NÚMERO DE LA CLASIFICACIÓN DECIMAL DEWEY |
| Número de edición |
22 |
| Número de clasificación |
PR861.44 |
| Número de documento/Ítem |
S454c |
| 100 1# - ENTRADA PRINCIPAL--NOMBRE DE PERSONA |
| Nombre de persona |
Segarra Báez, Iván, |
| Fechas asociadas al nombre |
1967- |
| 9 (RLIN) |
79697 |
| 245 10 - MENCIÓN DE TÍTULO |
| Título |
El cañaveral / |
| Mención de responsabilidad, etc. |
Iván Segarra-Báez. |
| 260 ## - PUBLICACIÓN, DISTRIBUCIÓN, ETC. |
| Lugar de publicación, distribución, etc. |
Santo Domingo : |
| Nombre del editor, distribuidor, etc. |
Santuario, |
| Fecha de publicación, distribución, etc. |
2018. |
| 300 ## - DESCRIPCIÓN FÍSICA |
| Extensión |
171 p. : |
| Dimensiones |
23 cm. |
| 500 ## - NOTA GENERAL |
| Nota general |
Incluye datos biográficos del autor en la solapa de la cubierta |
| 505 0# - NOTA DE CONTENIDO CON FORMATO |
| Nota de contenido con formato |
I. Primera parte. La costa -- La llegada -- El bastión español -- La hacienda Real -- El ataque de 1625 -- El negro Marcelo -- Bernardino de Manzanedo y los colgados por el torso -- El nacimiento de mi padre -- Fray Bernardo de Balbuena y la quema de la biblioteca -- El ataque de Sir George Clifford -- Segunda parte La venta de esclavos -- La Defensa y don Diego Torres de Vardas -- Los corsarios y el contrabando -- El trabajo y la evangelización -- El origen -- La guerra de la oreja de Jenkins -- La trata de esclavos -- El sueño -- San Zacarías 1713 -- El viento del mar -- Tercera parte. La tierra -- El encuentro -- La Real factoría de San Pablo de Loanda -- Escribo sobre cenizas -- Los cimarrones -- El cabildo de San Juan -- La partida -- La última batalla -- El regreso -- El viaje -- Epílogo. La negra Elena y el gran origen. |
| 590 ## - NOTA LOCAL (RLIN) |
| Nota local |
Inventariado, 2021 /LP<br/><br/> |
| 650 #4 - PUNTO DE ACCESO ADICIONAL DE MATERIA--TÉRMINO DE MATERIA |
| Término de materia o nombre geográfico como elemento de entrada |
Novela puertorriqueña |
| 9 (RLIN) |
1185 |
| 650 #4 - PUNTO DE ACCESO ADICIONAL DE MATERIA--TÉRMINO DE MATERIA |
| Término de materia o nombre geográfico como elemento de entrada |
Literatura puestorriqueña |
| 9 (RLIN) |
79763 |
| 910 ## - DATOS DE OPCIÓN DEL USUARIO (OCLC) |
| Datos de opción del usuario |
Validado. Control de calidad MFF |
| 942 ## - ELEMENTOS DE PUNTO DE ACCESO ADICIONAL (KOHA) |
| Fuente del sistema de clasificación o colocación |
Dewey Decimal Classification |
| Tipo de ítem Koha |
Libro |